000 00534nam a22001937a 4500
005 20260415145405.0
008 260415b |||||||| |||| 00| 0 eng d
020 _a978-93-5746-056-9
050 _aQA 76.76 .063.S55 2023
100 _aSILBERSCHATZ,ABRAHAM
245 _aOPERATING SYSTEM
250 _aGLOBAL EDITION
260 _aDELHI
_bWILEY
_c2023
300 _aXXII,864P ILL
500 _aINCLUDES BIBLOGRAPHIC DESCRIPTION INDEX
650 _aOPERATING SYSTEM CONCEPTS
700 _aPETER BEAR GALVIN
942 _2lcc
_cBK
999 _c216977
_d216977